Diseño de una IP PBX en Asterisk para prestación de servicios de tipo fijo y móvil en la UNI (RUSB) usando Wi-fi y telefonía IP
Presenta un diseño IP-PBX virtual basada en asterisk para la prestación de servicios fijo y móvil en el campus principal de la Universidad Nacional de Ingeniería (UNI), usando WIFI y telefonía IP para servicios de transmisión de voz y datos a usuarios.
| Main Author: | |
|---|---|
| Other Authors: | |
| Format: | Tesis Section = Libro |
| Language: | Undetermined Spanish |
| Published: |
Managua
UNI
2020
|
| Subjects: |
| LEADER | 01039nam a2200241Ia 4500 | ||
|---|---|---|---|
| 008 | 240830s9999 xx 000 0 und d | ||
| 040 | |a BIBLIOTECA-RUSB/ Mon 621.385 V181 | ||
| 041 | |a spa | ||
| 082 | |a Mon 621.385 V181 | ||
| 100 | 1 | |a Valle Vargas, Bismarck Antonio | |
| 245 | 1 | 0 | |a Diseño de una IP PBX en Asterisk para prestación de servicios de tipo fijo y móvil en la UNI (RUSB) usando Wi-fi y telefonía IP |
| 260 | |a Managua |b UNI |c 2020 | ||
| 300 | |a 92 p. :il. | ||
| 500 | |a Contiene: anexos y CD. | ||
| 502 | |a Tesis (Ingeniero Electrónico) - UNI, 2020. | ||
| 520 | 3 | |a Presenta un diseño IP-PBX virtual basada en asterisk para la prestación de servicios fijo y móvil en el campus principal de la Universidad Nacional de Ingeniería (UNI), usando WIFI y telefonía IP para servicios de transmisión de voz y datos a usuarios. | |
| 650 | 7 | |a TELEFONIA | |
| 650 | 7 | |b REDES DE TELECOMUNICACIONES | |
| 650 | 7 | |c TELEFONIA IP | |
| 700 | 1 | |a Tutor: |b Arias Olivas, Marvin | |
| 942 | |c BK |2 ddc | ||
| 991 | |a TESIS | ||
| 999 | |c 20322 | ||